Comuni di BRESCIA - Statistics

Statistiche generali
  • Questo quiz è stato fatto 214 volte
    148 dall'ultimo reset
  • Il punteggio medio è 95 su 205
Statistiche sulle risposte
Comuni % Corretto
Brescia
84%
Iseo
82%
Salò
78%
Edolo
76%
Rovato
73%
Chiari
72%
Gussago
72%
Montichiari
72%
Sirmione
72%
Desenzano del Garda
70%
Orzinuovi
70%
Pisogne
69%
Roncadelle
69%
Lumezzane
68%
Nave
68%
Ome
68%
Ponte di Legno
68%
Rezzato
68%
Castel Mella
66%
Ospitaletto
66%
Travagliato
66%
Adro
65%
Concesio
65%
Rodengo Saiano
65%
Darfo Boario Terme
64%
Castenedolo
62%
Idro
62%
Limone sul Garda
62%
Lonato del Garda
62%
Manerbio
62%
Orzivecchi
62%
Palazzolo sull'Oglio
62%
Botticino
61%
Breno
61%
Erbusco
61%
Gardone Riviera
61%
Gardone Val Trompia
61%
Gavardo
61%
Ghedi
61%
Sarezzo
61%
Marone
59%
Monte Isola
59%
Temù
59%
Borno
58%
Flero
58%
Paratico
58%
Sulzano
58%
Bagolino
57%
Bovezzo
57%
Castrezzato
57%
Borgosatollo
55%
Capriolo
55%
Castegnato
55%
Cellatica
55%
Esine
55%
Mazzano
55%
Nuvolera
55%
Odolo
55%
Sale Marasino
55%
Toscolano-Maderno
55%
Bagnolo Mella
54%
Cazzago San Martino
54%
Isorella
54%
Prevalle
54%
Zone
54%
Bienno
53%
Collio
53%
Vezza d'Oglio
53%
Artogne
51%
Bovegno
51%
Capo di Ponte
51%
Castelcovati
51%
Corte Franca
51%
Leno
51%
Manerba del Garda
51%
Marcheno
51%
Pontoglio
51%
Provaglio d'Iseo
51%
Sonico
51%
Bedizzole
50%
Calvisano
50%
Ceto
50%
Offlaga
50%
Paspardo
50%
Passirano
50%
Polaveno
50%
Verolanuova
50%
Vobarno
50%
Azzano Mella
49%
Calcinato
49%
Cevo
49%
Cimbergo
49%
Collebeato
49%
Cologne
49%
Dello
49%
Malonno
49%
Moniga del Garda
49%
Monticelli Brusati
49%
Nuvolento
49%
Poncarale
49%
Sabbio Chiese
49%
Torbole Casaglia
49%
Berlingo
47%
Berzo Demo
47%
Carpenedolo
47%
Coccaglio
47%
Incudine
47%
Pontevico
47%
Roè Volciano
47%
Urago d'Oglio
47%
Verolavecchia
47%
Villa Carcina
47%
Acquafredda
46%
Angolo Terme
46%
Braone
46%
Cividate Camuno
46%
Gargnano
46%
Monno
46%
Niardo
46%
Padenghe sul Garda
46%
Pompiano
46%
Rudiano
46%
Serle
46%
Trenzano
46%
Cerveno
45%
Lograto
45%
Maclodio
45%
Paderno Franciacorta
45%
Piancogno
45%
Valvestino
45%
Berzo Inferiore
43%
Capovalle
43%
Capriano del Colle
43%
Cedegolo
43%
Corteno Golgi
43%
Lozio
43%
Montirone
43%
Pian Camuno
43%
Corzano
42%
Gianico
42%
Malegno
42%
Ono San Pietro
42%
Ossimo
42%
Polpenazze del Garda
42%
Pralboino
42%
Remedello
42%
San Zeno Naviglio
42%
Sellero
42%
Borgo San Giacomo
41%
Gambara
41%
Saviore dell'Adamello
41%
Treviso Bresciano
41%
Vione
41%
Bassano Bresciano
39%
Cigole
39%
Losine
39%
Pozzolengo
39%
Alfianello
38%
Gottolengo
38%
Paitone
36%
San Felice del Benaco
36%
San Paolo
36%
Vestone
36%
Anfo
35%
Paisco Loveno
32%
Pavone del Mella
32%
Caino
31%
Quinzano d'Oglio
31%
Tremosine sul Garda
31%
Agnosine
30%
Bione
30%
Barbariga
28%
Brione
28%
Roccafranca
28%
Irma
27%
Lodrino
24%
Villanuova sul Clisi
24%
Casto
23%
Provaglio Val Sabbia
23%
Seniga
23%
Tavernole sul Mella
23%
Barghe
22%
Fiesse
22%
Mura
22%
Pezzaze
22%
Magasa
20%
Lavenone
19%
Marmentino
19%
Muscoline
19%
Brandico
18%
Calvagese della Riviera
16%
Mairano
16%
Pertica Alta
16%
Pertica Bassa
16%
Villachiara
16%
Visano
16%
Preseglie
15%
Tignale
15%
Longhena
14%
Milzano
14%
Puegnago sul Garda
14%
San Gervasio Bresciano
14%
Soiano del Lago
14%
Vallio Terme
14%
Comezzano-Cizzago
12%
Nessun quiz corrispondente trovato
Distribuzione punteggi
Percentuale di utenti per punteggio
Percentile per numero di risposta
I tuoi punteggi nel tempo
Non hai fatto questo quiz dall'ultimo reset